| 000 | 00588nam a2200193Ia 4500 | ||
|---|---|---|---|
| 008 | 150610s9999 xx 000 0 und d | ||
| 020 | _a978144241334 | ||
| 050 |
_aPZ7 _b.W5458Whe2011 |
||
| 100 | _aWhaley, John Corey | ||
| 245 |
_aWhere things come back / _cJohn Corey Whaley. |
||
| 250 | _a1st ed. | ||
| 260 |
_aNew York : _bAtheneum Books for Young Readers, _c2012. |
||
| 300 |
_a228pages ; _c21 cm. |
||
| 520 | _aFiction. | ||
| 650 |
_aArkansas _bFiction. |
||
| 650 |
_aBest friends _xFiction. |
||
| 650 |
_aExtinct birds _bFiction. |
||
| 650 |
_aInterpersonal relations _xFiction. |
||
| 999 |
_c287811 _d287811 |
||